Flores silvestres / (Record no. 88147)

MARC details
000 -LEADER
fixed length control field 00727cac a2200241 4500
005 - DATE AND TIME OF LATEST TRANSACTION
control field 20151109130109.0
008 - FIXED-LENGTH DATA ELEMENTS--GENERAL INFORMATION
fixed length control field 060821t19921992mx a 000 0 spa u
020 ## - INTERNATIONAL STANDARD BOOK NUMBER
International Standard Book Number 9682442613
100 1# - MAIN ENTRY--PERSONAL NAME
Personal name Venning, Frank D.
245 10 - TITLE STATEMENT
Title Flores silvestres /
Statement of responsibility, etc Frank D. Venning ; ils. Manabu C. Saito.
250 ## - EDITION STATEMENT
Edition statement 1a ed.
260 ## - PUBLICATION, DISTRIBUTION, ETC. (IMPRINT)
Place of publication, distribution, etc México :
Name of publisher, distributor, etc Trillas,
Date of publication, distribution, etc c1992
300 ## - PHYSICAL DESCRIPTION
Extent 340 p. :
Other physical details il. ;
Dimensions 19 cm.
440 #0 - SERIES STATEMENT/ADDED ENTRY--TITLE
Title Guías de la naturaleza
500 ## - GENERAL NOTE
General note Traducción de : Wildflowers of North America
500 ## - GENERAL NOTE
General note 2 ejemplares
504 ## - BIBLIOGRAPHY, ETC. NOTE
Bibliography, etc Incluye bibliografía e índice
506 ## - RESTRICTIONS ON ACCESS NOTE
Terms governing access PIFI 3.2
650 #7 - SUBJECT ADDED ENTRY--TOPICAL TERM
Topical term or geographic name as entry element Flores silvestres
Source of heading or term Lemb
700 1# - ADDED ENTRY--PERSONAL NAME
Personal name Saito, Manabu C., ils.
942 ## - ADDED ENTRY ELEMENTS (KOHA)
Source of classification or shelving scheme Biblioteca del Cogreso de los Estados Unidos
Koha item type Libro
Holdings
Estado de pérdida Fuente de clasificación Estado del daño No para préstamo Ubicación permanente Ubicación actual Apartado o colección Fecha de adquisición Edición Dependencia de educación superior (DES) Área del conocimiento Clasificación Código de Barras Date last seen Número de copia Tipo de recurso
  Biblioteca del Cogreso de los Estados Unidos   Uso interno Biblioteca Biblioteca de la Facultad de Biología Biblioteca de la Facultad de Biología General 09/11/2015 1a. ed. Ciencias Biológicas y Agropecuarias Ciencias Naturales y Exactas QK85.5 V46 1992 BFB000002956 09/11/2015 C:1 Libro
  Biblioteca del Cogreso de los Estados Unidos     Biblioteca de la Facultad de Biología Biblioteca de la Facultad de Biología General 09/11/2015 1a. ed. Ciencias Biológicas y Agropecuarias Ciencias Naturales y Exactas QK85.5 V46 1992 BFB000002957 09/11/2015 C:2 Libro